Statistics for African Countries by Borders in 15 Seconds (with a map)

Click here to take the quiz!

General Stats

  • This quiz has been taken 849 times
  • The average score is 35 of 54

Answers on the Map

Answers color-coded by a green-red scale on the quiz's map according to % correct below.
Loading ...
 

Answer Stats

Country % Correct
Libya
98%
Niger
97%
Sudan
96%
Central African
Republic
96%
South Sudan
96%
Algeria
95%
D. R. Congo
95%
Zambia
94%
Tanzania
93%
Chad
93%
Mali
93%
Rep. of the Congo
92%
Uganda
91%
Angola
90%
Rwanda
89%
Burundi
88%
Mauritania
86%
Cameroon
86%
Burkina Faso
86%
Zimbabwe
84%
Namibia
84%
South Africa
83%
Botswana
83%
Ethiopia
82%
Mozambique
81%
Nigeria
79%
Swaziland
77%
Lesotho
76%
Egypt
71%
Gabon
70%
Cote d'Ivoire
68%
Kenya
68%
Somalia
67%
Morocco
67%
Eritrea
65%
Benin
64%
Guinea
63%
Senegal
61%
Djibouti
60%
Tunisia
59%
Ghana
49%
Togo
49%
Liberia
27%
Malawi
23%
Guinea-Bissau
23%
Sierra Leone
22%
Madagascar
20%
Gambia
16%
Equatorial Guinea
14%
Cape Verde
5%
Sao Tome
and Principe
4%
Comoros
3%
Mauritius
3%
Seychelles
3%

Score Distribution

Percentile by Number Answered

Percent of People with Each Score

Your Score History

You have not taken this quiz